[Event "Khazar Cup 2016 (A) Master Tournament"]
[Site "Zibakenar,Iran"]
[Date "2016.02.15"]
[Round "6"]
[Board "7"]
[White "Morchiashvili, Bachana"]
[Black "Mirzoev, Azer"]
[Result "0-1"]
[WhiteElo "2342"]
[BlackElo "2539"]
[PlyCount "0"]
[EventDate "2016.02.11"]
[EventRounds "9"]
[EventCountry "IRI"]

1. d4 {[%clk 1:30:58]} Nf6 {[%clk 1:26:42]} 2. c4 {[%clk 1:31:16]} c6
{[%clk 1:26:44]} 3. Nf3 {[%clk 1:31:03]} d5 {[%clk 1:27:09]} 4. e3
{[%clk 1:30:42]} a6 {[%clk 1:27:27]} 5. Nc3 {[%clk 1:30:52]} Bf5 {[%clk 1:27:33]}
6. cxd5 {[%clk 1:29:58]} cxd5 {[%clk 1:27:51]} 7. Ne5 Nbd7 {[%clk 1:08:06]} 8. g4
{[%clk 1:26:03]} Nxe5 {[%clk 0:59:13]} 9. gxf5 {[%clk 1:24:08]} Nc6
{[%clk 0:59:36]} 10. Bd2 {[%clk 1:20:18]} e6 {[%clk 0:59:22]} 11. fxe6
{[%clk 1:17:01]} fxe6 {[%clk 0:59:48]} 12. Bh3 {[%clk 1:05:01]} Qd7
{[%clk 1:00:10]} 13. Qe2 {[%clk 1:04:22]} Bd6 {[%clk 0:59:53]} 14. f3
{[%clk 1:03:36]} O-O {[%clk 0:59:16]} 15. O-O-O {[%clk 1:02:35]} Qf7
{[%clk 0:59:06]} 16. Rhg1 {[%clk 1:01:04]} Rae8 17. f4 {[%clk 0:53:41]} Kh8
{[%clk 0:50:22]} 18. Rg5 {[%clk 0:46:38]} Bb4 {[%clk 0:50:25]} 19. Rdg1
{[%clk 0:44:51]} Rg8 {[%clk 0:50:48]} 20. Bg2 {[%clk 0:44:08]} Ne7
{[%clk 0:50:14]} 21. Nd1 {[%clk 0:39:56]} Bxd2+ {[%clk 0:47:22]} 22. Qxd2
{[%clk 0:40:18]} Nf5 {[%clk 0:47:45]} 23. Nf2 {[%clk 0:37:18]} h6
{[%clk 0:46:57]} 24. Rg3 {[%clk 0:34:14]} Nxg3 {[%clk 0:46:34]} 25. hxg3
{[%clk 0:34:42]} Qg6 {[%clk 0:46:16]} 26. Nd3 {[%clk 0:34:50]} Rc8+
{[%clk 0:41:57]} 27. Kb1 {[%clk 0:34:47]} Rc7 {[%clk 0:40:39]} 28. g4
{[%clk 0:31:53]} Rgc8 {[%clk 0:36:50]} 29. Bf3 {[%clk 0:25:43]} Ne4
{[%clk 0:34:20]} 30. Qe2 {[%clk 0:24:44]} Nd6 {[%clk 0:32:01]} 31. a3
{[%clk 0:21:20]} a5 {[%clk 0:28:12]} 32. f5 {[%clk 0:19:18]} Nxf5
{[%clk 0:26:49]} 33. Nf4 {[%clk 0:18:22]} Qg5 {[%clk 0:23:44]} 34. Nxe6
{[%clk 0:18:18]} Qxe3 {[%clk 0:24:10]} 35. Qxe3 {[%clk 0:18:44]} Nxe3
{[%clk 0:24:34]} 36. Nxc7 {[%clk 0:19:05]} Rxc7 {[%clk 0:25:00]} 37. Re1
{[%clk 0:18:46]} Re7 {[%clk 0:25:06]} 38. Rc1 {[%clk 0:18:47]} Rf7
{[%clk 0:24:49]} 39. Be2 {[%clk 0:18:23]} Kh7 {[%clk 0:14:43]} 40. b3
{[%clk 0:14:41]} Kg6 {[%clk 0:14:54]} 41. Rc3 {[%clk 0:14:44]} Re7
{[%clk 0:13:46]} 42. Rc5 {[%clk 0:14:36]} Kg5 {[%clk 0:14:07]} 43. Rxa5
{[%clk 0:14:33]} Kf4 {[%clk 0:14:33]} 44. Kb2 {[%clk 0:10:12]} Nxg4
{[%clk 0:14:56]} 45. Bxg4 {[%clk 0:10:26]} Kxg4 {[%clk 0:15:23]} 46. Rxd5
{[%clk 0:10:52]} h5 {[%clk 0:15:48]} 47. Rd8 {[%clk 0:11:16]} h4 {[%clk 0:16:03]}
48. d5 {[%clk 0:11:41]} g5 {[%clk 0:16:05]} 49. d6 {[%clk 0:10:00]} Rh7
{[%clk 0:14:18]} 50. Re8 {[%clk 0:10:12]} Rd7 {[%clk 0:14:30]} 51. Re7
{[%clk 0:08:48]} Rxd6 {[%clk 0:14:54]} 52. Rxb7 {[%clk 0:09:16]} h3
{[%clk 0:14:59]} 53. Rh7 {[%clk 0:09:38]} Kg3 {[%clk 0:15:16]} 54. a4
{[%clk 0:09:58]} h2 {[%clk 0:15:29]} 55. a5 {[%clk 0:09:33]} Kg2 {[%clk 0:15:34]}
56. b4 {[%clk 0:09:47]} h1=Q {[%clk 0:15:14]} 0-1

[Event "Khazar Cup 2016 (A) Master Tournament"]
[Site "Zibakenar,Iran"]
[Date "2016.02.15"]
[Round "6"]
[Board "8"]
[White "Starostits, Ilmars"]
[Black "Gholami Orimi, Mahdi"]
[Result "1-0"]
[WhiteElo "2437"]
[BlackElo "2226"]
[PlyCount "0"]
[EventDate "2016.02.11"]
[EventRounds "9"]
[EventCountry "IRI"]

1. d4 {[%clk 1:26:29]} Nf6 {[%clk 1:30:51]} 2. Nf3 {[%clk 1:26:41]} d5
{[%clk 1:31:02]} 3. Bf4 {[%clk 1:26:55]} c5 {[%clk 1:26:08]} 4. e3
{[%clk 1:26:56]} Nc6 5. Nbd2 {[%clk 1:24:56]} e6 {[%clk 1:20:49]} 6. c3 Bd6
{[%clk 1:17:23]} 7. dxc5 {[%clk 1:23:00]} Bxc5 {[%clk 1:16:53]} 8. Qc2
{[%clk 1:23:13]} Qe7 {[%clk 1:13:10]} 9. Nb3 {[%clk 1:20:25]} Bb6
{[%clk 1:10:58]} 10. Nbd4 {[%clk 1:18:54]} Bc7 {[%clk 0:54:52]} 11. Bg5
{[%clk 1:17:27]} O-O {[%clk 0:50:34]} 12. Rd1 {[%clk 1:15:44]} a6
{[%clk 0:48:15]} 13. Be2 {[%clk 1:12:23]} e5 {[%clk 0:41:25]} 14. Nf5 Qe6
{[%clk 0:39:59]} 15. Ng3 {[%clk 1:12:30]} Ne8 {[%clk 0:37:08]} 16. e4
{[%clk 1:12:01]} dxe4 {[%clk 0:36:24]} 17. Nxe4 {[%clk 1:07:14]} f5
{[%clk 0:33:59]} 18. Nc5 {[%clk 1:06:07]} Qg6 {[%clk 0:30:42]} 19. Qb3+
{[%clk 0:54:27]} Kh8 {[%clk 0:31:09]} 20. h4 {[%clk 0:54:52]} Nf6
{[%clk 0:18:56]} 21. h5 {[%clk 0:44:53]} Qe8 {[%clk 0:11:25]} 22. Nh4
{[%clk 0:35:44]} Nxh5 {[%clk 0:06:57]} 23. Bxh5 {[%clk 0:31:12]} Qxh5
{[%clk 0:07:26]} 24. Ne6 {[%clk 0:31:19]} Rf7 {[%clk 0:05:08]} 25. Rh3
{[%clk 0:28:58]} Bxe6 {[%clk 0:02:05]} 26. Qxe6 {[%clk 0:29:23]} Kg8
{[%clk 0:02:18]} 27. Rd7 {[%clk 0:28:47]} Raf8 {[%clk 0:02:03]} 28. Be3
{[%clk 0:16:18]} Rd8 {[%clk 0:00:35]} 29. Rxd8+ {[%clk 0:16:30]} 1-0

[Event "Khazar Cup 2016 (A) Master Tournament"]
[Site "Zibakenar,Iran"]
[Date "2016.02.15"]
[Round "6"]
[Board "9"]
[White "Mousavi, Seyed Khalil"]
[Black "Godarz, Kasra"]
[Result "1-0"]
[WhiteElo "2417"]
[BlackElo "2123"]
[PlyCount "0"]
[EventDate "2016.02.11"]
[EventRounds "9"]
[EventCountry "IRI"]

1. c4 {[%clk 1:30:44]} e5 {[%clk 1:30:32]} 2. Nc3 {[%clk 1:30:43]} Nf6
{[%clk 1:30:44]} 3. Nf3 {[%clk 1:30:49]} Nc6 {[%clk 1:30:54]} 4. e4
{[%clk 1:30:23]} Bb4 {[%clk 1:28:56]} 5. d3 {[%clk 1:30:13]} d6 {[%clk 1:28:05]}
6. a3 {[%clk 1:30:06]} Bxc3+ {[%clk 1:28:32]} 7. bxc3 {[%clk 1:30:29]} O-O
{[%clk 1:28:20]} 8. g3 {[%clk 1:30:00]} h6 {[%clk 1:28:25]} 9. Bg2
{[%clk 1:30:03]} Be6 10. O-O {[%clk 1:26:23]} Qd7 {[%clk 1:26:57]} 11. Rb1
{[%clk 1:25:44]} b6 {[%clk 1:26:21]} 12. Nh4 Bh3 {[%clk 1:18:15]} 13. f4
{[%clk 1:23:19]} Bxg2 {[%clk 1:18:35]} 14. Kxg2 {[%clk 1:22:48]} Qg4
{[%clk 1:14:17]} 15. Qe1 {[%clk 1:22:05]} exf4 {[%clk 1:11:38]} 16. Rxf4
{[%clk 1:14:26]} Qe6 {[%clk 1:10:58]} 17. Nf5 {[%clk 1:12:48]} Ne5
{[%clk 1:03:47]} 18. Qf1 {[%clk 1:11:48]} Nh7 {[%clk 1:03:10]} 19. Be3
{[%clk 1:03:09]} c5 20. Qe2 {[%clk 0:55:09]} Ng6 {[%clk 0:52:59]} 21. Rf2
{[%clk 0:51:07]} Ne7 {[%clk 0:53:01]} 22. g4 {[%clk 0:49:34]} Nxf5
{[%clk 0:52:55]} 23. gxf5 {[%clk 0:48:51]} Qf6 {[%clk 0:52:48]} 24. Qd2
{[%clk 0:47:41]} Qh4 {[%clk 0:49:35]} 25. Kh1 {[%clk 0:45:19]} Nf6
{[%clk 0:47:46]} 26. Rg1 {[%clk 0:40:24]} Kh7 {[%clk 0:43:17]} 27. Rf4
{[%clk 0:39:13]} Qh5 {[%clk 0:42:50]} 28. Qf2 {[%clk 0:38:58]} g5
{[%clk 0:35:40]} 29. fxg6+ {[%clk 0:39:20]} fxg6 {[%clk 0:35:52]} 30. Rxf6
{[%clk 0:39:38]} 1-0

[Event "Khazar Cup 2016 (A) Master Tournament"]
[Site "Zibakenar,Iran"]
[Date "2016.02.15"]
[Round "6"]
[Board "10"]
[White "Gholami, Aryan"]
[Black "Asgari, Morteza"]
[Result "1/2-1/2"]
[WhiteElo "2417"]
[BlackElo "2189"]
[PlyCount "0"]
[EventDate "2016.02.11"]
[EventRounds "9"]
[EventCountry "IRI"]

1. c4 Nf6 2. Nc3 g6 3. g3 Bg7 4. Bg2 O-O 5. Nf3 d6 6. O-O e5 7. d3 Nc6 8. Rb1 Re8
9. Bg5 h6 10. Bxf6 Bxf6 11. b4 a6 12. Nd2 Bg7 13. a4 e4 14. Nd5 exd3 15. exd3 Ne7
16. Ne3 c6 17. Nb3 Nf5 18. Nc2 Qc7 19. d4 Bd7 20. Qd3 Rad8 21. Rfd1 h5 22. h3 Qc8
23. Kh2 Qc7 24. Kg1 Qc8 25. Qf1 Re7 26. d5 1/2-1/2

[Event "Khazar Cup 2016 (A) Master Tournament"]
[Site "Zibakenar,Iran"]
[Date "2016.02.15"]
[Round "6"]
[Board "11"]
[White "Malaniuk, Vladimir P"]
[Black "Sedaghati, Mehrdad"]
[Result "1-0"]
[WhiteElo "2482"]
[BlackElo "2310"]
[PlyCount "0"]
[EventDate "2016.02.11"]
[EventRounds "9"]
[EventCountry "IRI"]

1. d4 {[%clk 1:30:57]} Nf6 {[%clk 1:30:46]} 2. Nf3 {[%clk 1:30:57]} e6
{[%clk 1:30:46]} 3. c4 {[%clk 1:30:57]} b6 {[%clk 1:30:46]} 4. g3
{[%clk 1:30:57]} Ba6 {[%clk 1:30:46]} 5. Qa4 {[%clk 1:30:57]} Bb7
{[%clk 1:30:46]} 6. Bg2 {[%clk 1:30:57]} c5 {[%clk 1:30:46]} 7. dxc5
{[%clk 1:30:57]} Bxc5 {[%clk 1:30:46]} 8. O-O {[%clk 1:30:57]} O-O
{[%clk 1:30:46]} 9. Nc3 {[%clk 1:30:57]} Be7 {[%clk 1:30:46]} 10. Rd1
{[%clk 1:30:57]} Na6 {[%clk 1:30:46]} 11. Bf4 {[%clk 1:30:57]} Qc8
{[%clk 1:30:46]} 12. Rac1 {[%clk 1:30:57]} Nc5 {[%clk 1:30:46]} 13. Qc2
{[%clk 1:30:57]} d5 {[%clk 1:30:46]} 14. cxd5 {[%clk 1:30:57]} Nxd5
{[%clk 1:30:46]} 15. Nxd5 {[%clk 1:30:57]} Bxd5 {[%clk 1:30:46]} 16. b4
{[%clk 1:30:57]} Ne4 {[%clk 1:30:46]} 17. Qd3 {[%clk 1:30:57]} Qe8
{[%clk 1:30:46]} 18. Nd4 {[%clk 1:30:57]} Nf6 {[%clk 1:30:46]} 19. e4
{[%clk 1:30:57]} Bb7 {[%clk 1:30:46]} 20. Rc7 {[%clk 1:30:57]} Rb8
{[%clk 1:30:46]} 21. a3 {[%clk 1:30:57]} Nh5 {[%clk 0:03:15]} 22. Be3
{[%clk 0:13:55]} Bd6 {[%clk 0:02:25]} 23. Rxb7 {[%clk 0:14:01]} Rxb7
{[%clk 0:02:38]} 24. e5 {[%clk 0:14:29]} Rd7 {[%clk 0:02:50]} 25. Bc6
{[%clk 0:12:41]} Bxe5 {[%clk 0:02:59]} 26. Qb5 {[%clk 0:13:05]} Rxd4
{[%clk 0:02:08]} 27. Bxd4 {[%clk 0:11:57]} a6 {[%clk 0:02:20]} 28. Qxb6
{[%clk 0:08:07]} Bxd4 {[%clk 0:02:14]} 29. Rxd4 {[%clk 0:08:36]} Qe7
{[%clk 0:01:12]} 30. Qxa6 {[%clk 0:08:36]} e5 {[%clk 0:01:21]} 31. Rd1
{[%clk 0:07:49]} e4 {[%clk 0:01:48]} 32. Qe2 {[%clk 0:07:23]} Nf6
{[%clk 0:02:09]} 33. Qe3 {[%clk 0:06:54]} h5 {[%clk 0:02:08]} 34. h4
{[%clk 0:07:06]} Qe6 {[%clk 0:02:04]} 35. b5 {[%clk 0:05:07]} Rc8
{[%clk 0:00:58]} 36. Kg2 {[%clk 0:04:48]} Qa2 {[%clk 0:01:04]} 37. Rd2
{[%clk 0:04:52]} Qa1 {[%clk 0:01:01]} 38. Qb3 {[%clk 0:04:14]} Qe1
{[%clk 0:00:39]} 39. Qd1 1-0

[Event "Khazar Cup 2016 (A) Master Tournament"]
[Site "Zibakenar,Iran"]
[Date "2016.02.15"]
[Round "6"]
[Board "12"]
[White "Guliev, Logman"]
[Black "Tahbaz, Arash"]
[Result "0-1"]
[WhiteElo "2408"]
[BlackElo "2282"]
[PlyCount "0"]
[EventDate "2016.02.11"]
[EventRounds "9"]
[EventCountry "IRI"]

1. e4 c5 2. Nf3 e6 3. d4 cxd4 4. Nxd4 Nf6 5. Bd3 Nc6 6. Nxc6 dxc6 7. O-O e5 8.
Nd2 Bc5 9. Nc4 O-O 10. Bg5 h6 11. Bh4 Qe7 12. Qe2 b5 13. Ne3 Be6 14. Kh1 Rfe8 15.
f3 Rad8 16. a4 a6 17. axb5 axb5 18. Nf5 Bxf5 19. exf5 Rd6 20. Ra6 Qb7 21. Rfa1
Nd5 22. Be4 f6 23. Bf2 Nf4 24. Qf1 Bxf2 25. Qxf2 Red8 26. Qe1 Rd2 27. Bxc6 Qc7
28. Ra8 Qxc6 29. Qxd2 Rxa8 30. Rd1 Rc8 31. c3 Kh7 32. h3 b4 33. cxb4 Qc4 0-1

[Event "Khazar Cup 2016 (A) Master Tournament"]
[Site "Zibakenar,Iran"]
[Date "2016.02.16"]
[Round "7"]
[Board "1"]
[White "Mosadeghpour, Masoud"]
[Black "Maghsoodloo, Parham"]
[Result "1/2-1/2"]
[WhiteElo "2462"]
[BlackElo "2461"]
[PlyCount "0"]
[EventDate "2016.02.11"]
[EventRounds "9"]
[EventCountry "IRI"]

1. e4 {[%clk 1:28:04]} d6 {[%clk 1:29:23]} 2. d4 {[%clk 1:28:22]} Nf6
{[%clk 1:29:42]} 3. Nc3 {[%clk 1:28:43]} g6 {[%clk 1:30:02]} 4. Nf3
{[%clk 1:25:37]} Bg7 {[%clk 1:30:05]} 5. Be2 {[%clk 1:25:54]} O-O
{[%clk 1:30:16]} 6. O-O {[%clk 1:26:15]} a6 {[%clk 1:30:42]} 7. a4
{[%clk 1:21:58]} a5 {[%clk 1:26:55]} 8. e5 {[%clk 1:20:52]} Nfd7 {[%clk 1:23:03]}
9. exd6 {[%clk 1:20:45]} exd6 {[%clk 1:23:27]} 10. Bg5 {[%clk 1:20:50]} Nf6
{[%clk 1:23:13]} 11. Qd2 {[%clk 1:20:58]} d5 {[%clk 1:00:19]} 12. Ne5
{[%clk 1:14:01]} c6 {[%clk 1:00:37]} 13. Qf4 {[%clk 1:10:33]} Na6
{[%clk 0:54:03]} 14. Bxa6 {[%clk 0:52:51]} Rxa6 {[%clk 0:54:23]} 15. Rfe1
{[%clk 0:52:38]} Bf5 {[%clk 0:47:44]} 16. Nd1 {[%clk 0:40:39]} Nh5
{[%clk 0:37:07]} 17. Qxf5 {[%clk 0:39:28]} gxf5 {[%clk 0:37:36]} 18. Bxd8
{[%clk 0:39:47]} Rxd8 {[%clk 0:38:02]} 19. Ra3 {[%clk 0:35:29]} Re8
{[%clk 0:31:48]} 20. Rae3 {[%clk 0:33:42]} Raa8 {[%clk 0:27:36]} 21. Nf3
{[%clk 0:23:31]} Re4 {[%clk 0:26:36]} 22. Nc3 {[%clk 0:19:27]} Bh6
{[%clk 0:26:00]} 23. Rd3 {[%clk 0:16:56]} Nf4 {[%clk 0:18:04]} 24. Rdd1
{[%clk 0:16:55]} Rxe1+ {[%clk 0:18:23]} 25. Rxe1 {[%clk 0:16:51]} Ne6
{[%clk 0:18:38]} 26. Kf1 {[%clk 0:11:47]} Bg7 {[%clk 0:18:21]} 27. Rd1
{[%clk 0:12:10]} Bf6 {[%clk 0:18:35]} 28. g3 {[%clk 0:09:50]} Kg7
{[%clk 0:15:58]} 29. Ke2 {[%clk 0:08:24]} Kg6 {[%clk 0:14:42]} 30. Kd3
{[%clk 0:07:58]} f4 {[%clk 0:12:58]} 31. Ne2 {[%clk 0:07:24]} Kf5
{[%clk 0:12:08]} 32. Rg1 {[%clk 0:04:29]} Rg8 {[%clk 0:11:27]} 33. c3
{[%clk 0:02:07]} Rg7 {[%clk 0:09:25]} 34. b3 {[%clk 0:02:02]} Kg4
{[%clk 0:06:24]} 35. Ne1 {[%clk 0:02:31]} Kh3 {[%clk 0:06:39]} 36. Nf3
{[%clk 0:02:49]} Rg4 {[%clk 0:05:16]} 37. c4 {[%clk 0:02:07]} h5 {[%clk 0:03:46]}
38. cxd5 {[%clk 0:01:52]} cxd5 {[%clk 0:04:15]} 39. Ne1 {[%clk 0:01:05]} Bxd4
{[%clk 0:02:42]} 40. Nxd4 {[%clk 0:00:44]} Nxd4 {[%clk 0:03:08]} 41. f3
{[%clk 0:00:57]} Nxf3 {[%clk 0:03:21]} 42. Nxf3 {[%clk 0:01:17]} fxg3
{[%clk 0:03:50]} 43. hxg3 {[%clk 0:00:48]} Rxg3 {[%clk 0:04:20]} 44. Rf1
{[%clk 0:00:34]} Rg4 {[%clk 0:01:31]} 45. Ke2 {[%clk 0:00:38]} 1/2-1/2

[Event "Khazar Cup 2016 (A) Master Tournament"]
[Site "Zibakenar,Iran"]
[Date "2016.02.16"]
[Round "7"]
[Board "2"]
[White "Starostits, Ilmars"]
[Black "Volkov, Sergey"]
[Result "1/2-1/2"]
[WhiteElo "2437"]
[BlackElo "2607"]
[PlyCount "0"]
[EventDate "2016.02.11"]
[EventRounds "9"]
[EventCountry "IRI"]

1. e4 {[%clk 1:25:28]} e6 {[%clk 1:30:54]} 2. d4 {[%clk 1:25:53]} d5
{[%clk 1:31:19]} 3. Nc3 {[%clk 1:26:17]} Nf6 {[%clk 1:31:42]} 4. Bg5
{[%clk 1:26:39]} Bb4 {[%clk 1:32:07]} 5. e5 {[%clk 1:26:50]} h6 {[%clk 1:32:31]}
6. Bc1 {[%clk 1:27:09]} Ne4 {[%clk 1:32:55]} 7. Qg4 {[%clk 1:27:28]} Kf8
{[%clk 1:33:21]} 8. Nge2 {[%clk 1:27:07]} f5 {[%clk 1:33:45]} 9. exf6
{[%clk 1:20:01]} Qxf6 {[%clk 1:33:50]} 10. f3 {[%clk 1:20:14]} Nxc3
{[%clk 1:33:21]} 11. bxc3 {[%clk 1:19:54]} Ba5 {[%clk 1:33:16]} 12. Ba3+
{[%clk 0:55:06]} Kg8 {[%clk 1:22:48]} 13. f4 {[%clk 0:53:53]} Nc6
{[%clk 1:22:43]} 14. O-O-O {[%clk 0:54:01]} b5 {[%clk 1:17:02]} 15. Ng3
{[%clk 0:51:30]} Rb8 {[%clk 0:55:25]} 16. Rd3 {[%clk 0:35:11]} b4
{[%clk 0:49:11]} 17. Nh5 {[%clk 0:29:26]} Qf7 {[%clk 0:41:27]} 18. cxb4
{[%clk 0:29:07]} Nxb4 {[%clk 0:41:39]} 19. Bxb4 {[%clk 0:27:59]} Bxb4
{[%clk 0:39:09]} 20. Rg3 {[%clk 0:26:33]} Bf8 {[%clk 0:39:29]} 21. Bd3
{[%clk 0:25:35]} e5 {[%clk 0:38:21]} 22. Qg6 {[%clk 0:18:15]} 1/2-1/2

[Event "Khazar Cup 2016 (A) Master Tournament"]
[Site "Zibakenar,Iran"]
[Date "2016.02.16"]
[Round "7"]
[Board "3"]
[White "Grigoryan, Karen H."]
[Black "Pourramezanali, Amirreza"]
[Result "1-0"]
[WhiteElo "2606"]
[BlackElo "2503"]
[PlyCount "0"]
[EventDate "2016.02.11"]
[EventRounds "9"]
[EventCountry "IRI"]

1. e4 {[%clk 1:29:48]} e6 {[%clk 1:27:52]} 2. d4 {[%clk 1:29:53]} d5
{[%clk 1:28:18]} 3. Nc3 {[%clk 1:30:11]} Bb4 {[%clk 1:28:44]} 4. e5
{[%clk 1:30:01]} b6 {[%clk 1:22:19]} 5. Qg4 {[%clk 1:29:45]} Bf8 {[%clk 1:22:43]}
6. Bg5 {[%clk 1:28:17]} Qd7 {[%clk 1:23:06]} 7. f4 {[%clk 1:26:35]} Ba6
{[%clk 1:22:48]} 8. Bxa6 {[%clk 1:25:53]} Nxa6 {[%clk 1:23:15]} 9. Qe2
{[%clk 1:24:49]} Nb4 {[%clk 1:22:26]} 10. a3 {[%clk 1:21:47]} Nc6
{[%clk 1:22:54]} 11. Nf3 {[%clk 1:21:44]} Nge7 {[%clk 1:18:34]} 12. O-O-O
{[%clk 1:21:44]} O-O-O {[%clk 1:13:53]} 13. g4 {[%clk 1:19:24]} Kb7
{[%clk 1:14:17]} 14. Rhf1 {[%clk 1:16:12]} h6 {[%clk 1:03:48]} 15. Bh4
{[%clk 1:16:00]} Rc8 {[%clk 1:03:27]} 16. Na2 {[%clk 1:11:10]} Na5
{[%clk 0:58:40]} 17. Nb4 {[%clk 1:05:50]} Nec6 {[%clk 0:32:42]} 18. Qa6+
{[%clk 1:05:41]} Kb8 {[%clk 0:32:37]} 19. Be1 {[%clk 1:02:15]} Nb7
{[%clk 0:27:42]} 20. Nxc6+ {[%clk 0:55:51]} Qxc6 {[%clk 0:28:11]} 21. f5
{[%clk 0:51:11]} Qd7 {[%clk 0:28:10]} 22. Nh4 {[%clk 0:46:44]} h5
{[%clk 0:21:46]} 23. g5 {[%clk 0:46:31]} exf5 {[%clk 0:21:07]} 24. Nxf5
{[%clk 0:46:27]} Nd8 {[%clk 0:21:21]} 25. Qd3 {[%clk 0:42:39]} Ne6
{[%clk 0:20:15]} 26. h4 {[%clk 0:42:52]} g6 {[%clk 0:19:56]} 27. Ne3
{[%clk 0:39:04]} Bg7 {[%clk 0:20:25]} 28. Qe2 {[%clk 0:37:44]} c5
{[%clk 0:19:12]} 29. dxc5 {[%clk 0:37:43]} d4 {[%clk 0:19:29]} 30. Nc4
{[%clk 0:32:22]} Qd5 {[%clk 0:16:30]} 31. Nd6 {[%clk 0:29:48]} Qa2
{[%clk 0:11:43]} 32. Nxc8 {[%clk 0:22:45]} Rxc8 {[%clk 0:11:47]} 33. Bb4
{[%clk 0:22:40]} Nxc5 {[%clk 0:11:09]} 34. Bxc5 {[%clk 0:22:48]} Rxc5
{[%clk 0:11:38]} 35. Qf3 {[%clk 0:15:51]} d3 {[%clk 0:06:41]} 36. Rxd3
{[%clk 0:11:50]} Bxe5 {[%clk 0:07:09]} 37. Rb3 {[%clk 0:08:37]} Rc7
{[%clk 0:04:57]} 38. Rd1 {[%clk 0:06:48]} Re7 {[%clk 0:05:01]} 39. Rb4
{[%clk 0:05:31]} Qa1+ {[%clk 0:05:11]} 40. Kd2 {[%clk 0:05:43]} Qa2
{[%clk 0:02:01]} 41. Qb3 {[%clk 0:05:40]} Qxb3 {[%clk 0:02:00]} 42. Rxb3
{[%clk 0:06:04]} Bf4+ {[%clk 0:02:25]} 43. Kd3 {[%clk 0:06:21]} f6
{[%clk 0:01:45]} 44. gxf6 {[%clk 0:06:35]} Rf7 {[%clk 0:02:09]} 45. Ke4
{[%clk 0:06:08]} Rxf6 {[%clk 0:02:36]} 46. Rf3 {[%clk 0:05:49]} Be5
{[%clk 0:01:48]} 47. Rxf6 {[%clk 0:04:42]} Bxf6 {[%clk 0:02:17]} 48. Rd6
{[%clk 0:05:03]} Bxh4 {[%clk 0:02:11]} 49. Rxg6 {[%clk 0:05:26]} Kb7
{[%clk 0:02:38]} 50. c4 {[%clk 0:03:37]} Bf2 {[%clk 0:02:37]} 51. Rg7+
{[%clk 0:03:43]} Ka6 {[%clk 0:01:04]} 52. b4 {[%clk 0:04:03]} b5 {[%clk 0:01:33]}
53. c5 {[%clk 0:03:36]} h4 {[%clk 0:01:56]} 54. Rh7 {[%clk 0:04:02]} 1-0

[Event "Khazar Cup 2016 (A) Master Tournament"]
[Site "Zibakenar,Iran"]
[Date "2016.02.16"]
[Round "7"]
[Board "4"]
[White "Mirzoev, Azer"]
[Black "Mousavi, Seyed Khalil"]
[Result "0-1"]
[WhiteElo "2539"]
[BlackElo "2417"]
[PlyCount "0"]
[EventDate "2016.02.11"]
[EventRounds "9"]
[EventCountry "IRI"]

1. d4 d5 {[%clk 1:30:01]} 2. c4 {[%clk 1:27:21]} c6 {[%clk 1:29:57]} 3. e3
{[%clk 1:27:42]} Nf6 {[%clk 1:30:01]} 4. Nf3 {[%clk 1:28:07]} g6 {[%clk 1:29:36]}
5. Nc3 {[%clk 1:28:24]} Bg7 {[%clk 1:29:25]} 6. Qb3 {[%clk 1:28:19]} O-O
{[%clk 1:28:07]} 7. Be2 dxc4 {[%clk 1:22:22]} 8. Bxc4 {[%clk 1:28:59]} Nbd7 9.
O-O {[%clk 1:26:42]} Nb6 {[%clk 1:18:18]} 10. Be2 {[%clk 1:27:05]} Be6
{[%clk 1:15:49]} 11. Qc2 Nfd5 12. Rd1 {[%clk 1:25:30]} Rc8 {[%clk 1:11:33]} 13.
e4 {[%clk 1:24:33]} Nxc3 {[%clk 1:08:31]} 14. bxc3 {[%clk 1:24:53]} Bc4
{[%clk 1:07:44]} 15. a4 {[%clk 1:19:54]} Bxe2 {[%clk 1:07:19]} 16. Qxe2
{[%clk 1:20:12]} Re8 {[%clk 0:59:25]} 17. a5 {[%clk 1:19:50]} Nd7
{[%clk 0:59:18]} 18. e5 {[%clk 1:18:43]} Nf8 {[%clk 0:58:41]} 19. h4
{[%clk 1:18:00]} Ne6 {[%clk 0:56:34]} 20. h5 {[%clk 1:16:44]} Qd7
{[%clk 0:55:27]} 21. Rb1 {[%clk 1:11:20]} Qc7 {[%clk 0:49:04]} 22. hxg6
{[%clk 1:10:49]} hxg6 {[%clk 0:48:50]} 23. Ra1 {[%clk 0:58:10]} b5
{[%clk 0:47:47]} 24. axb6 {[%clk 0:57:29]} axb6 {[%clk 0:45:50]} 25. Qe4
{[%clk 0:48:41]} Qd7 {[%clk 0:42:51]} 26. Qh4 {[%clk 0:44:09]} f6
{[%clk 0:39:39]} 27. Re1 {[%clk 0:42:30]} Nf8 {[%clk 0:33:34]} 28. Bh6
{[%clk 0:40:07]} Ra8 {[%clk 0:31:33]} 29. Rab1 {[%clk 0:32:33]} b5
{[%clk 0:30:45]} 30. Rb2 {[%clk 0:32:32]} Qf5 {[%clk 0:23:12]} 31. Rbe2
{[%clk 0:27:37]} Ne6 {[%clk 0:18:09]} 32. Bxg7 {[%clk 0:14:44]} Nxg7
{[%clk 0:16:44]} 33. Qh2 {[%clk 0:13:08]} g5 {[%clk 0:15:43]} 34. Re3
{[%clk 0:11:51]} Qh7 {[%clk 0:14:20]} 35. Qxh7+ {[%clk 0:10:27]} Kxh7
{[%clk 0:14:48]} 36. Nd2 {[%clk 0:10:48]} Kg6 {[%clk 0:14:02]} 37. Ne4
{[%clk 0:11:14]} fxe5 {[%clk 0:13:20]} 38. Rg3 {[%clk 0:11:09]} Ne6
{[%clk 0:12:53]} 39. Nd2 {[%clk 0:10:57]} Nf4 {[%clk 0:10:44]} 40. Nf3
{[%clk 0:10:48]} exd4 {[%clk 0:09:37]} 41. Rxg5+ {[%clk 0:10:57]} Kf6
{[%clk 0:09:22]} 42. cxd4 {[%clk 0:10:18]} Rg8 {[%clk 0:08:07]} 43. Rxg8
{[%clk 0:10:18]} Rxg8 {[%clk 0:08:36]} 44. g3 {[%clk 0:10:43]} Nd5
{[%clk 0:07:47]} 45. Ne5 {[%clk 0:10:30]} Rc8 {[%clk 0:07:58]} 46. Kg2
{[%clk 0:10:08]} b4 {[%clk 0:07:13]} 47. Nd7+ {[%clk 0:10:32]} Kf7
{[%clk 0:07:26]} 48. Nc5 {[%clk 0:11:00]} Ra8 {[%clk 0:06:51]} 49. Rh1
{[%clk 0:10:57]} Ra2 {[%clk 0:06:26]} 50. Rh6 {[%clk 0:09:31]} Ne3+
{[%clk 0:05:49]} 51. Kf3 {[%clk 0:05:11]} Nf5 {[%clk 0:06:06]} 52. Rh7+
{[%clk 0:04:42]} Kg6 {[%clk 0:05:55]} 53. Rh8 {[%clk 0:04:58]} Nxd4+
{[%clk 0:06:11]} 54. Ke4 {[%clk 0:05:17]} Nb5 {[%clk 0:06:11]} 55. f4
{[%clk 0:05:34]} Rc2 {[%clk 0:05:59]} 56. Na4 {[%clk 0:02:47]} b3
{[%clk 0:05:47]} 57. Kd3 {[%clk 0:03:07]} Rg2 {[%clk 0:03:11]} 58. Rc8
{[%clk 0:02:47]} Rxg3+ {[%clk 0:03:05]} 59. Kd2 {[%clk 0:03:16]} Rg2+
{[%clk 0:03:12]} 60. Kc1 {[%clk 0:03:36]} Rc2+ {[%clk 0:03:24]} 61. Kd1
{[%clk 0:03:59]} Nc3+ {[%clk 0:03:30]} 62. Nxc3 {[%clk 0:04:07]} Rxc3
{[%clk 0:03:58]} 63. Kd2 {[%clk 0:03:47]} Rc2+ {[%clk 0:04:21]} 64. Kd3
{[%clk 0:04:15]} c5 {[%clk 0:04:38]} 0-1